Movie Quiz! #5 - Statistics

General Stats
  • This quiz has been taken 33 times
  • The average score is 11 of 20
Answer Stats
Picture Answer % Correct
Finding Nemo
93%
Happy Feet
87%
Alien
77%
Sound Of Music
77%
Die Hard
73%
The Exorcist
73%
Fight Club
70%
Zootopia
70%
Coco
67%
Mean Girls
67%
A Clockwork Orange
53%
Pulp Fiction
53%
Taxi Driver
50%
Independence Day
47%
Gone With The Wind
40%
War Of The World
40%
Blade Runner
27%
Apocalypse Now
17%
Metropolis
17%
The Jazz Singer
7%
No matching quizzes found
Score Distribution
Percent of People with Each Score
Percentile by Number Answered
Your Score History
You have not taken this quiz